Loading...
| Popular Culture | 0 | 2 | 0 | 0 | 20 | 56 | 71.00 | 0 | 1 | 11.82 | 18.75 |
| Fine Arts - Classical Music | 0 | 1 | 0 | 1 | 10 | 128 | 128.00 | 0 | 0 | 0.00 | 1.01 |
| Fine Arts - Painting and Sculpture | 0 | 1 | 0 | 0 | 10 | 99 | 99.00 | 0 | 0 | 1.40 | 3.03 |
| Literature - American | 0 | 1 | 0 | 0 | 10 | 70 | 70.00 | 0 | 0 | 3.61 | 5.68 |
| Science - Other | 0 | 1 | 0 | 1 | 10 | 116 | 116.00 | 0 | 0 | 0.00 | 1.01 |
| Science - Biology | 0 | 2 | 2 | 0 | 10 | 58 | 67.50 | 0 | 1 | 5.59 | 7.95 |
| Science - Chemistry | 0 | 1 | 0 | 0 | 10 | 118 | 118.00 | 0 | 0 | 0.00 | 1.01 |
| Current Events | 0 | 1 | 0 | 0 | 10 | 112 | 112.00 | 0 | 0 | 0.00 | 2.78 |
| Mythology | 0 | 1 | 0 | 0 | 10 | 95 | 95.00 | 0 | 0 | 1.09 | 4.04 |
| Philosophy | 0 | 1 | 0 | 0 | 10 | 107 | 107.00 | 0 | 0 | 0.00 | 1.23 |
| Literature - European | 0 | 0 | 0 | 0 | 0 | 0.00 | 0 | 0 | 0.00 | 0.00 | |
| Fine Arts - Other | 0 | 0 | 1 | 0 | -5 | 0.00 | 0 | 0 | 0.00 | 0.00 | |
| Religion | 0 | 0 | 1 | 0 | -5 | 0.00 | 0 | 0 | 0.00 | 0.00 |